Hydraulic Water Tank Using Glass Fiber-Reinforced Polymer (GFRP) Bars (Record no. 554392)
[ view plain ]
| 000 -LEADER | |
|---|---|
| fixed length control field | 00547nam a22001817a 4500 |
| 082 ## - DEWEY DECIMAL CLASSIFICATION NUMBER | |
| Classification number | P-841 |
| 100 ## - MAIN ENTRY--PERSONAL NAME | |
| Personal name | Abdur Rehman |
| 9 (RLIN) | 51871 |
| 245 ## - TITLE STATEMENT | |
| Title | Hydraulic Water Tank Using Glass Fiber-Reinforced Polymer (GFRP) Bars |
| 260 ## - PUBLICATION, DISTRIBUTION, ETC. | |
| Place of publication, distribution, etc. | Risalpur, |
| Name of publisher, distributor, etc. | MCE, |
| Date of publication, distribution, etc. | 2020. |
| 300 ## - PHYSICAL DESCRIPTION | |
| Extent | 41 pages.; |
| Dimensions | 30 cm. |
| 526 ## - STUDY PROGRAM INFORMATION NOTE | |
| Program name | 0 |
| Interest level | 0 |
| Reading level | 0 |
| Title point value | P_841 |
| 650 ## - SUBJECT ADDED ENTRY--TOPICAL TERM | |
| Topical term or geographic name entry element | Structure |
| Topical term following geographic name entry element | Syn-4 |
| 9 (RLIN) | 51872 |
| 700 ## - ADDED ENTRY--PERSONAL NAME | |
| Personal name | Muhammad Mudassar Chishti |
| 9 (RLIN) | 51873 |
| 700 ## - ADDED ENTRY--PERSONAL NAME | |
| Personal name | Supervisor Dr Adeel Zafar |
| 9 (RLIN) | 36003 |
| 710 ## - ADDED ENTRY--CORPORATE NAME | |
| Corporate name or jurisdiction name as entry element | Ahmad Abdullah |
| 9 (RLIN) | 51874 |
| 710 ## - ADDED ENTRY--CORPORATE NAME | |
| Corporate name or jurisdiction name as entry element | Muhammad Abraiz |
| 9 (RLIN) | 51875 |
| 942 ## - ADDED ENTRY ELEMENTS (KOHA) | |
| Source of classification or shelving scheme | |
| Koha item type | Book |
| Withdrawn status | Lost status | Source of classification or shelving scheme | Damaged status | Not for loan | Permanent Location | Current Location | Date acquired | Total Checkouts | Full call number | Barcode | Date last seen | Price effective from | Koha item type |
|---|---|---|---|---|---|---|---|---|---|---|---|---|---|
| Military College of Engineering (MCE) | Military College of Engineering (MCE) | 08/26/2020 | P-841 | MCE-P-841 | 08/26/2020 | 08/26/2020 | Book |
